<?xml version="1.0" encoding="UTF-8"?>
<marc:record xmlns:marc="http://www.loc.gov/MARC21/slim">
   <marc:leader>00000nam a2200000 a 4500</marc:leader>
   <marc:datafield ind1="1" ind2=" " tag="100">
      <marc:subfield code="a">Pradas, Nuria (Verfasser)</marc:subfield>
      <marc:subfield code="4">aut</marc:subfield>
      <marc:subfield code="e">Verfasser/-in</marc:subfield>
   </marc:datafield>
   <marc:datafield ind1="0" ind2="0" tag="245">
      <marc:subfield code="a">Die Kleidermacherin</marc:subfield>
   </marc:datafield>
   <marc:datafield ind1="0" ind2="0" tag="245">
      <marc:subfield code="b">Roman</marc:subfield>
   </marc:datafield>
   <marc:datafield ind1=" " ind2="1" tag="264">
      <marc:subfield code="b">Penguin Verlag</marc:subfield>
      <marc:subfield code="c">2016</marc:subfield>
   </marc:datafield>
   <marc:datafield ind1="1" ind2=" " tag="520">
      <marc:subfield code="a">Barcelona, 1917. Die hübsche Laia tritt eine Anstellung als Verkäuferin im Textilgeschäft Santa Eulalia an, in dem ihre Mutter als Näherin arbeitet. Laia ist von den luxuriösen Stoffen und schönen Kleidern fasziniert - und von der eleganten Roser. Diese will aus dem traditionsreichen Unternehmen ihrer Familie das erste moderne Modehaus Spaniens machen. Allen sozialen Gegensätzen zum Trotz freundet Laia sich mit der privilegierten Roser an. Doch dann tritt der charismatische Ferrán in ihr Leben - eine Begegnung, die das Leben beider Frauen für immer verändert à</marc:subfield>
   </marc:datafield>
   <marc:datafield ind1=" " ind2=" " tag="020">
      <marc:subfield code="a">9783328100775</marc:subfield>
      <marc:subfield code="9">9783328100775</marc:subfield>
   </marc:datafield>
</marc:record>
